[Event "AUTO-MASTER-1003"]
[Site "http://www.queenalice.com/game.php?id=708425"]
[Date "2010.1.4"]
[Round "1"]
[White "CCapivara"]
[Black "rdoamara"]
[Result "1/2-1/2"]
[WhiteElo "2118"]
[BlackElo "2109"]

1. e4 c6 2. d4 d5 3. exd5 cxd5 4. Nf3 Bg4 5. Bd3 Nc6 6. c3 e6 7. O-O Nf6 8. Bg5
Be7 9. Nbd2 h6 10. Bh4 Qb6 11. Qc2 O-O 12. Ne5 Bh5 13. h3 g5 14. Bg3 Rac8 15.
Bh2 Nxd4 16. Qb1 Ne2+ 17. Kh1 Nf4 18. g4 Nxd3 19. Qxd3 Bg6 20. Nxg6 fxg6 21.
Qxg6+ Kh8 22. Qxh6+ Nh7 23. Rae1 Bf6 24. f4 gxf4 25. Bxf4 Bg7 26. Qh4 Kg8 27.
Nb3 e5 28. Bc1 Qa6 1/2-1/2

[Event "AUTO-MASTER-1003"]
[Site "http://www.queenalice.com/game.php?id=708426"]
[Date "2010.1.4"]
[Round "1"]
[White "rdoamara"]
[Black "CCapivara"]
[Result "1-0"]
[WhiteElo "2086"]
[BlackElo "2160"]

1. e4 c6 2. d4 d6 3. Nf3 Nf6 4. Nc3 Bg4 5. Be2 Nbd7 6. h3 Bh5 7. O-O e5 8. dxe5
dxe5 9. Bg5 Be7 10. Nh4 Bxe2 11. Qxe2 O-O 12. Nf5 Re8 13. Rad1 Qb6 14. Rxd7 Nxd7
15. Nxe7+ Kf8 16. Nf5 Qxb2 17. Qh5 Kg8 18. Qg4 g6 19. Nh6+ Kg7 20. Qxd7 Rf8 21.
Qe7 1-0

[Event "AUTO-MASTER-1003"]
[Site "http://www.queenalice.com/game.php?id=708441"]
[Date "2010.1.4"]
[Round "1"]
[White "jolomol"]
[Black "rdoamara"]
[Result "0-1"]
[WhiteElo "2125"]
[BlackElo "2110"]

1. e4 c6 2. d4 d5 3. Nc3 dxe4 4. Nxe4 Bf5 5. Ng3 Bg6 6. Nf3 e6 7. c4 h6 8. Bd3
Bxd3 9. Qxd3 Nf6 10. O-O Bd6 11. Re1 Nbd7 12. Nf5 Be7 13. Nxg7+ Kf8 14. Nxe6+
fxe6 15. Nh4 Bb4 16. Ng6+ Kg8 17. Nxh8 Bxe1 18. Qg6+ Kxh8 19. Bxh6 Qg8 20. Qxg8+
Nxg8 21. Rxe1 Nxh6 22. Rxe6 Nf5 23. g4 Nxd4 24. Rd6 Ne5 25. Kf1 c5 26. Rd5 Nd3
0-1

[Event "AUTO-MASTER-1003"]
[Site "http://www.queenalice.com/game.php?id=708442"]
[Date "2010.1.4"]
[Round "1"]
[White "rdoamara"]
[Black "jolomol"]
[Result "1-0"]
[WhiteElo "2128"]
[BlackElo "2054"]

1. e4 e5 2. Nf3 Nc6 3. Bb5 a6 4. Bxc6 dxc6 5. d3 Bg4 6. h3 Bxf3 7. Qxf3 Qf6 8.
Qxf6 Nxf6 9. Nc3 Bb4 10. Bd2 h6 11. a3 Bc5 12. O-O O-O 13. Rae1 Rad8 14. Be3 Be7
15. f4 Nd7 16. fxe5 Nxe5 17. Rf5 Bf6 18. Bxh6 gxh6 19. Rxf6 Kg7 20. Ref1 Rd6 21.
R6f5 Ng6 22. Ne2 Nh4 23. Rh5 Ng6 24. Ng3 Ne7 25. Re5 Re6 26. Nh5+ Kg8 27. Rxe6
fxe6 28. Nf4 Rf6 29. e5 Rf5 30. Nxe6 Rxf1+ 31. Kxf1 Nd5 32. Ke2 Kh7 33. c4 Ne7
34. Ke3 Kg6 35. d4 Nf5+ 36. Kf4 h5 37. Nf8+ 1-0

[Event "AUTO-MASTER-1003"]
[Site "http://www.queenalice.com/game.php?id=708453"]
[Date "2010.1.4"]
[Round "1"]
[White "rdoamara"]
[Black "TheBigSid"]
[Result "1-0"]
[WhiteElo "2058"]
[BlackElo "2228"]

1. e4 e6 2. d4 d5 3. exd5 exd5 4. Nf3 Bd6 5. Be2 Nc6 6. O-O Nge7 7. Nbd2 Bg4 8.
h3 Bh5 9. Nb3 O-O 10. c3 Re8 11. Bg5 f6 12. Bh4 Nf5 13. g4 Nxh4 14. Nxh4 Bg6 15.
Bf3 a5 16. Nxg6 hxg6 17. Bxd5+ Kf8 18. Qf3 a4 19. Nd2 Ne7 20. Bxb7 Rb8 21. Nc4
Qd7 22. Be4 Kg8 23. Qd3 f5 24. Bf3 Qb5 25. Rab1 Nd5 26. Ne5 Qxd3 27. Bxd5+ 1-0

[Event "AUTO-MASTER-1003"]
[Site "http://www.queenalice.com/game.php?id=708454"]
[Date "2010.1.4"]
[Round "1"]
[White "TheBigSid"]
[Black "rdoamara"]
[Result "1-0"]
[WhiteElo "2196"]
[BlackElo "2073"]

1. d4 Nf6 2. c4 e6 3. Nc3 Bb4 4. Qc2 c5 5. e3 Qb6 6. Nf3 Nc6 7. a3 cxd4 8. exd4
Bxc3+ 9. bxc3 d5 10. Rb1 Qc7 11. cxd5 Nxd5 12. Bb5 Bd7 13. O-O a6 14. Bd3 g6 15.
Bh6 Nce7 16. c4 Nb6 17. Bg7 Rg8 18. Be5 Nc6 19. Bxc7 1-0

[Event "AUTO-MASTER-1003"]
[Site "http://www.queenalice.com/game.php?id=789915"]
[Date "2010.6.14"]
[Round "2"]
[White "rdoamara"]
[Black "Giant"]
[Result "1-0"]
[WhiteElo "2158"]
[BlackElo "2189"]

1. e4 c6 2. d4 d5 3. exd5 cxd5 4. c4 Nf6 5. Nc3 Nc6 6. Nf3 e6 7. Bg5 Be7 8. c5
O-O 9. Bb5 h6 10. Bh4 Nh5 11. Bxe7 Qxe7 12. O-O Qf6 13. g3 g6 14. Bxc6 bxc6 15.
Ne5 Ba6 16. Re1 Rfc8 17. b4 Rc7 18. Qa4 Bb7 19. b5 cxb5 20. Nxb5 Rc6 21. Qb3 Qe7
22. Rab1 Ra6 23. Nd6 Bc6 24. Ndxf7 Kg7 25. Qd3 1-0

[Event "AUTO-MASTER-1003"]
[Site "http://www.queenalice.com/game.php?id=789916"]
[Date "2010.6.14"]
[Round "2"]
[White "Giant"]
[Black "rdoamara"]
[Result "0-1"]
[WhiteElo "2188"]
[BlackElo "2171"]

1. e4 c6 2. d4 d5 3. Nc3 dxe4 4. Nxe4 Nf6 5. Nxf6+ gxf6 6. c3 Qd5 7. Nf3 Bg4 8.
Be2 Nd7 9. Qb3 Qxb3 10. axb3 Rg8 11. Bf4 a6 12. Nh4 e5 13. Be3 O-O-O 14. Bxg4
Rxg4 15. Nf5 exd4 16. Bxd4 Re8+ 17. Kf1 Rg5 18. Ng3 Rb5 19. b4 c5 20. bxc5 Rxb2
21. Nf5 Nxc5 22. c4 Rc2 23. Ne3 Rd2 24. Bc3 Rd3 25. Be1 Nb3 26. Rb1 Nd2+ 27.
Bxd2 Rxd2 28. Rd1 Rb2 29. h4 a5 30. g4 a4 31. c5 Bxc5 32. Rc1 b6 33. Rh2 Rxe3
0-1

[Event "AUTO-MASTER-1003"]
[Site "http://www.queenalice.com/game.php?id=789917"]
[Date "2010.6.14"]
[Round "2"]
[White "rdoamara"]
[Black "Aylton"]
[Result "1-0"]
[WhiteElo "2141"]
[BlackElo "1994"]

1. e4 c5 2. Nf3 Nc6 3. d4 cxd4 4. Nxd4 e5 5. Nxc6 bxc6 6. Nc3 Nf6 7. Bc4 Bb4 8.
O-O Bxc3 9. bxc3 Nxe4 10. Ba3 d5 11. Bd3 Nxc3 12. Qe1 Ne4 13. f3 f5 14. fxe4
fxe4 15. Qf2 Qc7 16. Be2 Be6 17. Rab1 O-O-O 18. Ba6+ Kd7 19. Qc5 Rhe8 20. Rb7
Qxb7 21. Qd6+ Kc8 22. Qxc6+ 1-0

[Event "AUTO-MASTER-1003"]
[Site "http://www.queenalice.com/game.php?id=789918"]
[Date "2010.6.14"]
[Round "2"]
[White "Aylton"]
[Black "rdoamara"]
[Result "0-1"]
[WhiteElo "2035"]
[BlackElo "2149"]

1. d4 Nf6 2. Nf3 d5 3. e3 Bf5 4. c4 c6 5. a3 e6 6. Nc3 Nbd7 7. Bd3 dxc4 8. Bxc4
Be7 9. O-O O-O 10. h3 Rc8 11. Re1 Nb6 12. Ba2 Nbd5 13. Nxd5 cxd5 14. b4 Re8 15.
Bb2 a5 16. b5 Qb6 17. Qa4 Bc2 18. Bb3 Bd3 19. Bd1 Bxb5 20. Qb3 a4 21. Qa2 Ne4
22. Rc1 Rxc1 23. Bxc1 Rc8 24. Qb2 Qa5 25. Qa1 Bh4 26. g3 Bxg3 27. fxg3 Qc7 28.
Qb2 Qxg3+ 29. Qg2 Qxg2+ 30. Kxg2 Rxc1 0-1

[Event "QA-ANNIV-06"]
[Site "http://www.queenalice.com/game.php?id=836996"]
[Date "2010.9.23"]
[Round "2"]
[White "rdoamara"]
[Black "drd123"]
[Result "1-0"]
[WhiteElo "2184"]
[BlackElo "2132"]

1. e4 g6 2. d4 Bg7 3. Nf3 d6 4. Nc3 Bg4 5. Be3 Nd7 6. h3 Bxf3 7. Qxf3 Ngf6 8. e5
dxe5 9. dxe5 Nxe5 10. Qxb7 Rb8 11. Qxa7 Rxb2 12. Bb5+ c6 13. Bb6 Qc8 14. Ba6 Qe6
15. Qb8+ 1-0

[Event "QA-ANNIV-06"]
[Site "http://www.queenalice.com/game.php?id=885059"]
[Date "2011.1.12"]
[Round "3"]
[White "rdoamara"]
[Black "aormic"]
[Result "1-0"]
[WhiteElo "2194"]
[BlackElo "2377"]

1. e4 e5 2. Nf3 Nc6 3. Bb5 a6 4. Ba4 Nf6 5. O-O Nxe4 6. d4 b5 7. Bb3 d5 8. Nxe5
Nxe5 9. dxe5 Be6 10. Be3 Be7 11. f4 f5 12. Nd2 Nxd2 13. Qxd2 O-O 14. Rfd1 c6 15.
c3 1-0

[Event "QA-ANNIV-06"]
[Site "http://www.queenalice.com/game.php?id=924407"]
[Date "2011.4.10"]
[Round "4"]
[White "amarkin"]
[Black "rdoamara"]
[Result "0-1"]
[WhiteElo "2511"]
[BlackElo "2211"]

1. e4 c6 2. d4 d5 3. e5 Bf5 4. Nf3 e6 5. Be2 Nd7 6. O-O h6 7. a3 Ne7 8. Nc3 g5
9. Be3 Qc7 10. Re1 O-O-O 11. a4 Kb8 12. h3 Rg8 13. g4 Bg6 14. a5 a6 15. b4 Bg7
16. Na4 f6 17. Nc5 Nxc5 18. exf6 Bxf6 19. bxc5 Rgf8 20. Qb1 Ka8 21. Qb2 Be4 22.
Nd2 e5 23. c3 exd4 24. cxd4 Bh7 25. Qb6 Qd7 26. Nf3 Rde8 27. Qb2 Ng6 28. Ra3 Nf4
29. Bxf4 gxf4 30. Ne5 Qg7 31. Bf1 h5 32. f3 hxg4 33. hxg4 Rh8 34. Bg2 Bg6 35.
Rb3 Qh7 36. Qc3 Bh4 37. Re2 Bg3 38. Reb2 Re7 39. Qd2 Qh6 40. Qb4 Rhh7 41. Qb6
Re8 42. Kf1 Qg7 43. Re2 Qh8 44. Bh3 Re6 45. Rd2 Rd7 46. Kg2 Rxe5 47. dxe5 Qxe5
48. Rbb2 Qh8 49. g5 d4 50. Rd1 Rh7 51. Qb4 d3 52. Rh1 Bf5 53. g6 Bxg6 54. Rbb1
Re7 55. Be6 Qe5 56. Rbe1 Bxe1 57. Rxe1 Qg7 58. Kf1 Qh8 59. Qxf4 d2 60. Qxd2 Qh1+
61. Ke2 Rxe6+ 0-1

[Event "QA-ANNIV-06"]
[Site "http://www.queenalice.com/game.php?id=967025"]
[Date "2011.7.31"]
[Round "5"]
[White "rdoamara"]
[Black "Cthulhu"]
[Result "0-1"]
[WhiteElo "2232"]
[BlackElo "2624"]

1. e4 c5 2. Nf3 d6 3. d4 cxd4 4. Nxd4 Nf6 5. Nc3 a6 6. Be3 e5 7. Nb3 Be6 8. Be2
Be7 9. O-O O-O 10. Qd2 Nbd7 11. a4 Rc8 12. a5 Qc7 13. Rfd1 Rfd8 14. f3 d5 15.
exd5 Nxd5 16. Nxd5 Bxd5 17. Qxd5 Nf6 18. Qc4 Rxd1+ 19. Rxd1 Qxc4 20. Bxc4 Rxc4
21. c3 Kf8 22. Kf2 Ke8 23. Ke2 Nd7 24. Nd2 Rc6 25. g4 f6 26. Ne4 g6 27. Bf2 Nf8
28. h4 Kf7 29. Be3 Ke6 30. Rh1 f5 31. Ng5+ Bxg5 32. hxg5 Rc7 33. Rd1 Rd7 34. Rb1
Kd5 35. b3 f4 36. Ba7 Ne6 37. Rd1+ Kc6 38. Rxd7 Kxd7 39. Bb8 e4 40. fxe4 Nxg5
41. Bxf4 Nxe4 42. Be5 Ke6 43. Bg7 h5 44. Ke3 Nd6 45. gxh5 gxh5 46. Kf4 h4 47.
Kg4 Kd5 48. Bf6 h3 49. Kxh3 Ne4 50. c4+ Kd6 51. Bg7 Nd2 52. b4 Nxc4 53. Kg3 Kd5
54. Kf4 Na3 55. Kf5 Nc2 56. Bf8 Kc4 57. Ke6 Nxb4 0-1

[Event "AUTO-ELITE-836"]
[Site "http://www.queenalice.com/game.php?id=991748"]
[Date "2011.9.30"]
[Round "1"]
[White "rdoamara"]
[Black "kookaburra"]
[Result "1-0"]
[WhiteElo "2231"]
[BlackElo "2221"]

1. e4 d5 2. exd5 Nf6 3. Nf3 Nxd5 4. d4 g6 5. c4 Nb6 6. Nc3 Bg7 7. a4 O-O 8. a5
N6d7 9. Be2 c5 10. d5 Nf6 11. Be3 Nbd7 12. O-O Ng4 13. Bf4 a6 14. Re1 b6 15. h3
Ngf6 16. Nd2 Ra7 17. Nb3 Ne8 18. axb6 Qxb6 19. Na4 Qf6 20. Qd2 Rb7 21. Na5 Nd6
22. Nxb7 Bxb7 23. Bg5 Ne4 24. Bxf6 Nxd2 25. Bxg7 Kxg7 26. Ra2 Rb8 27. b4 Nb3 28.
Rb2 Nd4 29. bxc5 Bc8 30. Rxb8 Nxb8 31. c6 e6 32. Nb6 1-0

[Event "AUTO-ELITE-2416"]
[Site "http://www.queenalice.com/game.php?id=1790814"]
[Date "2022.6.14"]
[Round "1"]
[White "raulzampronha"]
[Black "rdoamara"]
[Result "0-1"]
[WhiteElo "2332"]
[BlackElo "2279"]

1. d4 Nf6 2. c4 e6 3. Nc3 Bb4 4. e3 O-O 5. Ne2 d5 6. a3 Be7 7. cxd5 exd5 8. Nf4
Re8 9. Be2 c6 10. O-O Bd6 11. b4 Nbd7 12. b5 Nb6 13. bxc6 bxc6 14. a4 Bf5 15. a5
Nc4 16. Qa4 Rb8 17. Bxc4 Rb4 18. Qa2 Rxc4 19. Bd2 g5 20. Nfe2 Bxh2+ 21. Kxh2
Ng4+ 22. Kg1 Qd6 23. Ng3 Qh6 24. Rfe1 Qh2+ 25. Kf1 Bd3+ 26. Re2 h5 0-1

[Event "AUTO-ELITE-2416"]
[Site "http://www.queenalice.com/game.php?id=1790815"]
[Date "2022.6.14"]
[Round "1"]
[White "rdoamara"]
[Black "raulzampronha"]
[Result "1-0"]
[WhiteElo "2265"]
[BlackElo "2342"]

1. e4 d6 2. d4 Nf6 3. Nc3 g6 4. Be3 c6 5. h3 b5 6. a3 Bg7 7. f4 O-O 8. Nf3 Nbd7
9. e5 Ne8 10. Bd3 Nb6 11. O-O Nc4 12. Bc1 Bb7 13. a4 a6 14. b3 Nb6 15. Qe1 bxa4
16. Nxa4 Nxa4 17. Rxa4 c5 18. f5 cxd4 19. e6 fxe6 20. Qxe6+ Kh8 21. Ng5 1-0

[Event "AUTO-ELITE-2416"]
[Site "http://www.queenalice.com/game.php?id=1790818"]
[Date "2022.6.14"]
[Round "1"]
[White "CCapivara"]
[Black "rdoamara"]
[Result "0-1"]
[WhiteElo "2226"]
[BlackElo "2243"]

1. e4 c6 2. d4 d5 3. exd5 cxd5 4. Nf3 Nc6 5. Bd3 Bg4 6. c3 Qc7 7. O-O e6 8. Re1
Bd6 9. Be3 Bxh2+ 10. Kh1 Bd6 11. Nbd2 f5 12. Bg5 h6 13. Bh4 g5 14. Rxe6+ Nge7
15. Bg3 f4 16. Bh2 Bxe6 17. Qe2 Bg4 18. Re1 O-O-O 19. b4 Kb8 0-1

[Event "AUTO-ELITE-2416"]
[Site "http://www.queenalice.com/game.php?id=1790819"]
[Date "2022.6.14"]
[Round "1"]
[White "rdoamara"]
[Black "CCapivara"]
[Result "1-0"]
[WhiteElo "2254"]
[BlackElo "2234"]

1. e4 d6 2. d4 Nf6 3. Nc3 c6 4. f4 Qa5 5. Bd3 e5 6. Ne2 Bg4 7. Be3 Nbd7 8. O-O
Be7 9. h3 Bxe2 10. Nxe2 exf4 11. Nxf4 O-O 12. Qf3 Rae8 13. a4 c5 14. c3 a6 15.
Ne2 Qb6 16. e5 dxe5 17. dxe5 Nxe5 18. Qf5 Nxd3 19. Qxd3 Qe6 20. Ng3 Bd6 21. Nf5
Rd8 22. Qe2 Rfe8 23. Qf3 Bf8 24. Bg5 c4 25. Nh6+ Kh8 26. Rae1 Qb6+ 27. Kh1 Rd7
28. Rxe8 Nxe8 29. Nxf7+ Kg8 30. Nh6+ gxh6 31. Qxf8# 1-0

[Event "AUTO-ELITE-2416"]
[Site "http://www.queenalice.com/game.php?id=1793279"]
[Date "2022.7.26"]
[Round "2"]
[White "Holanda76"]
[Black "rdoamara"]
[Result "1/2-1/2"]
[WhiteElo "2454"]
[BlackElo "2293"]

1. d4 Nf6 2. c4 e6 3. Nf3 d5 4. Nc3 Bb4 5. Bg5 h6 6. Bxf6 Qxf6 7. e3 O-O 8. Rc1
dxc4 9. Bxc4 c5 10. O-O cxd4 11. Nxd4 Bd7 12. Ne4 Qe5 13. Be2 Rd8 14. Qb3 a5 15.
Nc3 Nc6 16. Nf3 Qc7 17. a3 Bf8 18. Rc2 Rac8 19. Rfc1 Be8 20. Na4 Qe7 21. Nb6 Rb8
22. h3 Qc7 23. Kh1 Rd6 24. Ne5 g6 25. Nec4 Rdd8 26. Nd2 Qe5 27. Nf3 Qc7 28. Nd2
Qe5 29. Nf3 Qf5 30. Bb5 g5 31. Ba4 Be7 32. Qb5 Qf6 33. Qe2 h5 34. Nd2 Qf5 35.
Rc3 g4 36. f4 Qh7 37. Ndc4 Bf8 38. Qe1 Qg7 1/2-1/2

[Event "AUTO-ELITE-2416"]
[Site "http://www.queenalice.com/game.php?id=1793280"]
[Date "2022.7.26"]
[Round "2"]
[White "rdoamara"]
[Black "Holanda76"]
[Result "1/2-1/2"]
[WhiteElo "2298"]
[BlackElo "2451"]

1. e4 c5 2. Nf3 Nc6 3. Bb5 e6 4. O-O Nge7 5. d4 cxd4 6. Nxd4 Qb6 7. Nxc6 dxc6 8.
Bd3 Ng6 9. g3 Ne5 10. Be2 Nd7 11. a4 Qc7 12. Nd2 Be7 13. Nc4 O-O 14. a5 e5 15.
Bg4 Nc5 16. Bxc8 Rfxc8 17. Qg4 b5 18. axb6 axb6 19. Bg5 Bf8 20. h4 b5 21. Ne3
Kh8 22. Nf5 Ne6 23. Rad1 Ra4 24. Rd2 Rca8 25. h5 h6 26. Be3 Rd8 27. Rxd8 Qxd8
28. Rd1 Qe8 29. c3 b4 30. Qe2 bxc3 31. bxc3 Ra3 32. Qd3 Ra8 33. Qc4 Kh7 34. Kg2
Qc8 35. Rb1 Ra5 36. Qe2 Ra3 37. Qc4 Qd7 38. Rc1 Ra8 39. Qe2 1/2-1/2